000 00460nam a2200157Ia 4500
008 210210b1996 xxu||||| |||| 00| 0 eng d
020 _a81 259 0041 1
082 _a350 RAOP
100 _aRAO (V Bhaskara) & SHARMA (Arvind K), Eds.
245 _aPublic administration quest for identity.
260 _aND
_bVikas publishing house pvt ltd
_c1996
300 _axl,347
650 _aPublic administration
690 _aPublic Administration
906 _a052269
999 _c100248
_d100248